000 00732nam a2200289Ia 4500
005 20260324120247.0
008 008 260324s9999 xx 000 0 eng d
020 _a9780429258008
037 _aEBOOK
040 _aCRL
040 _beng
040 _cCRL
041 _2eng
041 _aeng
084 _qCRL
100 _aImelda K. Butler; Shayne Tracy
_91157863
245 0 _aOdyssey --The Business of Consulting
245 0 _bHow to Build, Grow, and Transform Your Consulting Business
260 _bTaylor and Francis
260 _c2015
365 _a
365 _b67.99
856 _uhttp://www.taylorfrancis.com/books/9780429258008
942 _cEBOOK
999 _c1749310
_d1749310